=LDR 00000nam 2200000 4500 =001 INLIS000000000051298 =005 20200313071819 =035 ##$$a 0010-0917000102 =007 ta =008 200313################g##########0#ind## =020 ##$$a 978-602-422-015-0 =082 ##$$a 297.91 =084 ##$$a 297.91 YUN d =100 #$$a Yunan Yusuf =245 1#$$a Dakwah Rasulullah sejarah dan problemantika : $b Dari seruan kaum kerabat ke perjanjian hudaibiyah hingga deklarasi hak asasi manusia /$c Prof. Dr. M. Yunan Yusuf =260 ##$$a Jakarta :$b Kencana,$c 2016 =300 ##$$a xi, 212 hlm ; $c 13 x 21 cm =650 #4$$a Sejarah Islam =504 ##$$a Bibliografi : Hlm. 211-212 =250 ##$$a cet.1 =990 ##$$a 21702495 =990 ##$$a 21702494 =990 ##$$a 21702493 =990 ##$$a 21702492 =990 ##$$a 21702491 =990 ##$$a 21707830 =990 ##$$a 21707829 =990 ##$$a 21707828 =990 ##$$a 21707827 =990 ##$$a 21707826